Jogadores Mais Valiosos dos Times da Série A - Statistics

Estatísticas Gerais
  • Esse quiz foi jogado 255 vezes
  • A pontuação média é 3 de 20
Estatísticas das Respostas
Hint Resposta % Correto
Flamengo (R$146M) GabrielBarbosa
95%
Palmeiras (R$101M) Danilo
44%
Corinthians (R$42M) RogerGuedes
34%
RB Bragantino (R$50M) Artur
32%
Santos (R$56M) Ângelo
25%
Atlético-MG (R$73M) Zaracho
25%
São Paulo (R$45M) IgorGomes
17%
Botafogo (R$28M) MatheusNascimento
14%
Fluminense (R$36M) Nino
14%
Cuiabá (R$14M) JoãoLucas
9%
Internacional (R$45M) Wanderson
6%
Athletico (R$42M) Abner
5%
Goiás (R$8M) Tadeu
5%
Ceará (R$11M) FernandoSobral
4%
Coritiba (R$11M) Andrey
3%
Avaí (R$5M) Bressan
2%
Atlético-GO (R$9M) MarlonFreitas
2%
Fortaleza (R$22M) RenatoKayzer
2%
Juventude (R$17M) Darlan
1%
América-MG (R$14M) GermánConti
1%
Nenhum quiz correspondente encontrado
Distribuição das Pontuações
Porcentagem de Pessoas com Cada Pontuação
Percentil de Números Respondidos
Sua Pontuação Histórica
Você não jogou esse quiz